000 01411nam a22004097a 4500
003 OSt
005 20230531160013.0
008 221006b |||||||| |||| 00| 0 eng d
022 _a978-2-940524-76-1
040 _cBiblioteca Lado V
082 _a709.05
_bV152t
100 _9840
_aValencia, Natalia
_eeditora
245 _aTerremoto/
_bIndependencias/
260 _aMexico
_bMuseo Jumex
_c2018
300 _c22x34cm
_a104p.
366 _eeng
366 _espa
490 _a12
_v2018
505 _aAmarranavajas
505 _aDe la Pornochanchada al Post-Pornoterrorismo
505 _aBailar entre las sombras
505 _aRevolución y creación
505 _a"Soy Peor"
505 _aPóster desprendible que contiene el compromiso de Nosotras proponemos
505 _aConversaciones de fuego en el monte
505 _aArte y libertad
505 _aNosotros, la multitud
505 _aAutonomia y territorio
505 _aEl caballo, la mujer, el muchacho y las piedras
505 _aNunca fuimos modernas
650 _2Tesauro de Arte & Arquitectura
_aARTE
_9703
650 _2Tesauro de Arte & Arquitectura
_aEXPOSICIONES
_9702
650 _2Tesauro de Arte & Arquitectura
_aARTE CONTEMPORANEO
_9702
650 _2Tesauro de Arte & Arquitectura
_aARTE AMERICANO
650 _2Tesauro de Arte & Arquitectura
_aINGLES
942 _2ddc
_c1
_h709.05
_iV152t
_n0
999 _c3785
_d3785